Statistics for Pittsburgh Penguins Team Records

Click here to take the quiz!

General Stats

  • This quiz has been taken 61 times
  • The average score is 13 of 16

Answer Stats

Record # Player % Correct
Seasons Played17Mario Lemieux
98%
Points Scored1723Mario Lemieux
98%
Goals Assisted1033Mario Lemieux
98%
Games Played915Mario Lemieux
98%
Goals Scored690Mario Lemieux
98%
Assists (Season)114Mario Lemieux (1988-89)
93%
Points (Season)199Mario Lemieux (1988-89)
93%
Goals (Season)85Mario Lemieux (1988-89)
93%
Goalie Wins375Marc-Andre Fleury
88%
Shutouts44Marc-Andre Fleury
88%
Goalie Games691Marc-Andre Fleury
88%
Points (Rookie Season)102Sidney Crosby (2005-06)
83%
Defensive Points (Season)113Paul Coffey (1988-89)
66%
Wins By Head Coach252Dan Bylsma
37%
Penalty Minutes1048Kevin Stevens
24%
Consecutive Games358Jordan Staal
12%

Score Distribution

Percentile by Number Answered

Percent of People with Each Score

Your Score History

You have not taken this quiz